000 00679nam a2200181 i 4500
001 59058
003 ES-MaACL
005 20250824063033.0
007 t|
008 031027s1919 sp ||||1| spa d
100 1 _aEchegaray, Carmelo de,
_d1865-1925
_946523
245 1 0 _aInforme acerca de los documentos referentes a la historia vasca que se contienen en archivos públicos /
_cleído por Carmelo de Echegaray ...
260 _aSan Sebastián :
_bEusko-Ikaskuntza = Sociedad de Estudios Vascos,
_c1919.
300 _a19 p. ;
_c21 cm.
651 4 _aPaís Vasco-
_xHistoria-
_xRecursos archivísticos.
_9153923
852 _aES-MaACL
_j1585-F-3
999 _c59058
_d59058